|
|
|
|
| LEADER |
00000nam2a2200000 4500 |
| 001 |
350243 |
| 005 |
20231102010301.0 |
| 035 |
|
|
|a (RuTPU)RU\TPU\retro\3903
|
| 035 |
|
|
|a RU\TPU\retro\3902
|
| 090 |
|
|
|a 350243
|
| 100 |
|
|
|a 20181206d1901 k y0rusy50 ca
|
| 101 |
0 |
|
|a rus
|
| 102 |
|
|
|a RU
|
| 105 |
|
|
|a a z 000zy
|
| 200 |
0 |
|
|a Мариупольское лесничество
|
| 210 |
|
|
|d 1901
|
| 215 |
|
|
|a 29 с.
|c ил.
|
| 461 |
|
1 |
|0 (RuTPU)RU\TPU\retro\3901
|t Труды опытных лесничеств
|o [сборник трудов]
|f Министерство земледелия и государственных имуществ ; Лесной Департамент
|v Мариупольское лесничество
|d 1900-1906
|
| 464 |
|
|
|t О научных исследованиях, касающихся условий степного лесоразведения
|f Г. Н. Высоцкий
|
| 606 |
1 |
|
|a Лес
|x Биология
|2 stltpush
|3 (RuTPU)RU\TPU\subj\71438
|9 85345
|
| 610 |
1 |
|
|a лесные насаждения
|
| 610 |
1 |
|
|a опыты
|
| 610 |
1 |
|
|a научные исследования
|
| 610 |
1 |
|
|a степи
|
| 610 |
1 |
|
|a грунты
|
| 610 |
1 |
|
|a грунтовые воды
|
| 610 |
1 |
|
|a соленосность
|
| 675 |
|
|
|a 630.1
|v 4
|
| 801 |
|
1 |
|a RU
|b 63413507
|c 20181206
|
| 801 |
|
2 |
|a RU
|b 63413507
|c 20181207
|g RCR
|
| 942 |
|
|
|c BK
|